Menedzsment alapismeretek távoktatási jegyzet az alábbi kurzusokhoz: MMTAL131 MMTNK121...MMTV101 Management MMTOMM51...MMTOMM52

Elmentve itt :
Bibliográfiai részletek
További közreműködők: Szekeres Zsolt
Dokumentumtípus: Könyv
Megjelent: Szegedi Tudományegyetem Mezőgazdasági Főiskolai Kar Vállalatgazdaságtani Tanszék Hódmezővásárhely 2004
Tárgyszavak:
Online Access:http://eta.bibl.u-szeged.hu/257
LEADER 00835nnm a2200193 i 4500
001 eta257
005 20181008145618.0
008 180515s2004 hu o 0|| hun d
040 |a SZTE Elektronikus Tananyag Archívum  |b hun 
041 |a hun 
245 0 0 |a Menedzsment alapismeretek   |h [elektronikus dokumentum] :  |b távoktatási jegyzet az alábbi kurzusokhoz: MMTAL131 MMTNK121...MMTV101 Management MMTOMM51...MMTOMM52 
260 |a Szegedi Tudományegyetem Mezőgazdasági Főiskolai Kar Vállalatgazdaságtani Tanszék  |b Hódmezővásárhely  |c 2004 
300 |a 170 
516 |a Book 
650 4 |a Társadalomtudományok 
650 4 |a Közgazdasági és gazdálkodástudományok 
650 4 |a Gazdálkodás és menedzsment 
700 0 1 |a Szekeres Zsolt 
856 4 0 |u https://eta.bibl.u-szeged.hu/257/1/menedzsment_alapismeretek.pdf  |z Dokumentum-elérés